| 000 | 00861nam a22002297a 4500 | ||
|---|---|---|---|
| 005 | 20260429150142.0 | ||
| 008 | 260429b |||||||| |||| 00| 0 eng d | ||
| 020 | _a9780836403312 | ||
| 037 | _cTextbook | ||
| 040 |
_aRTL _cRTL |
||
| 084 |
_aX9(F551).2.N5 L8/TD3 _qRTL |
||
| 245 | _aZamindars, mines and peasants: Studies in the history of an Indian Coalfield and its rural hinterland | ||
| 260 |
_aNew Delhi _bManohar Publications _c1978 |
||
| 300 |
_axxi, 236 p. : ill _bIncludes bibliographical references and index |
||
| 650 |
_aZamindars, India _91236002 |
||
| 650 |
_aIndian Coalfield _91236003 |
||
| 650 |
_aRural Hinterland _91236004 |
||
| 700 |
_aRohermund, Dietmar _eEditor _91236005 |
||
| 700 |
_aWadhwa, D. C. _eEditor _9861929 |
||
| 942 |
_2CC _cTB _hX9(F551).2.N5 L8/TD3 _n0 |
||
| 999 |
_c1848647 _d1848647 |
||